Impact of flooding in Scotland (Record no. 107521)
[ view plain ]
| 000 -LEADER | |
|---|---|
| fixed length control field | 01331cam a22002175a 4500 |
| 001 - CONTROL NUMBER | |
| control field | E140618 |
| 008 - FIXED-LENGTH DATA ELEMENTS--GENERAL INFORMATION | |
| fixed length control field | 071002e20070925stk f s000 0 eng d |
| 020 ## - INTERNATIONAL STANDARD BOOK NUMBER | |
| International Standard Book Number | 9780755915781 |
| 035 ## - SYSTEM CONTROL NUMBER | |
| System control number | (Sirsi) u140618 |
| 041 0# - LANGUAGE CODE | |
| Language code of text/sound track or separate title | eng |
| 050 04 - LIBRARY OF CONGRESS CALL NUMBER | |
| Classification number | 627.4 $2 18 |
| 110 2# - MAIN ENTRY--CORPORATE NAME | |
| Corporate name or jurisdiction name as entry element | Scottish Executive |
| Subordinate unit | Geographic Information Service |
| 9 (RLIN) | 5362 |
| 245 00 - TITLE STATEMENT | |
| Title | Impact of flooding in Scotland |
| Remainder of title | in-house GIS analysis using the SEPA Indicative Flood Map 2007 |
| Medium | [electronic resource] |
| 260 ## - PUBLICATION, DISTRIBUTION, ETC. | |
| Place of publication, distribution, etc. | Edinburgh |
| Name of publisher, distributor, etc. | Scottish Executive |
| Date of publication, distribution, etc. | 2007 |
| 520 ## - SUMMARY, ETC. | |
| Summary, etc. | Summarises the in-house analysis of the impact of flooding in Scotland which was initiated by the release of the Indicative River and Coastal Flood Map (Scotland) by the Scottish Environmental Protection Agency (SEPA) in November 2006. Contains an estimate of the economic impact of flooding, based on the extent of fluvial and coastal flood zones and the number of properties located in these flood zones. Improvement of the 2002 flood zones, especially the coastal flood zone, results in a more accurate characterisation. |
| 590 ## - LOCAL NOTE (RLIN) | |
| Local note | KA |
| 651 #4 - SUBJECT ADDED ENTRY--GEOGRAPHIC NAME | |
| Geographic name | Scotland |
| Chronological subdivision | 1999- |
| 690 ## - LOCAL SUBJECT ADDED ENTRY--TOPICAL TERM (OCLC, RLIN) | |
| Topical term or geographic name as entry element | ENVIRONMENTAL AND LAND CONSULTANCY-WATER RESOURCE MANAGEMENT-FLOODING |
| 856 48 - ELECTRONIC LOCATION AND ACCESS | |
| Uniform Resource Identifier | <a href="https://www.scotland.gov.uk/Publications/2007/09/20092209/6/">https://www.scotland.gov.uk/Publications/2007/09/20092209/6/</a> |
| Public note | View the document free of charge at www.scotland.gov.uk... |
| 942 ## - ADDED ENTRY ELEMENTS (KOHA) | |
| Suppress in OPAC | 0 |
| Withdrawn status | Lost status | Source of classification or shelving scheme | Damaged status | Not for loan | Home library | Current library | Shelving location | Date acquired | Total Checkouts | Full call number | Barcode | Date last seen | Copy number | Price effective from | Koha item type |
|---|---|---|---|---|---|---|---|---|---|---|---|---|---|---|---|
| Dewey Decimal Classification | Virtual | Virtual | Online | 02/10/2007 | ONLINE PUBLICATION | 140618-2001 | 06/08/2019 | 1 | 06/08/2019 | Book |